Statistics for Oklahoma City Thunder 2016-17 Roster

Click here to take the quiz!

General Stats

  • This quiz has been taken 671 times
    (608 since last reset)
  • The average score is 8 of 16

Answer Stats

NbrPostPlayer% Correct
0GuardRussell Westbrook
100%
12CenterSteven Adams
91%
21ForwardAndre Roberson
68%
5GuardVictor Oladipo
68%
11CenterEnes Kanter
61%
-Head CoachBilly Donovan
58%
9ForwardJerami Grant
51%
3ForwardDomantas Sabonis
48%
8Guard-ForwardAlex Abrines
39%
4ForwardNick Collison
37%
22ForwardTaj Gibson
34%
15ForwardKyle Singler
31%
25ForwardDoug McDermott
26%
34ForwardJosh Huestis
22%
6GuardSemaj Christon
22%
30GuardNorris Cole
17%

Score Distribution

Percentile by Number Answered

Percent of People with Each Score

Your Score History

You have not taken this quiz since the last reset